Villes sur le Rhône - Statistiques

Statistiques générales
  • Ce quiz a été pris 412 fois
  • Le résultat moyen est 7 sur 9
Statistiques - réponses
Indice Ville % Correct
Ville parmi les plus peuplées de France Lyon
99%
Les papes y ont résidés Avignon
91%
Ville spécialiste du nougat Montélimar
86%
L'autoroute du soleil bouchonne souvent à ses portes Valence
82%
Ville où siège le CICR Genève
76%
Son nom rappelle une capitale européenne... Vienne
76%
Jouit d'un patrimoine antique riche (amphithéâtre) Arles
70%
Chef-lieu du canton du Valais Sion
37%
Destination phare de la Camargue Saintes-Maries-de-la-Mer
33%
Aucun quiz correspondant
Distribution des résultats
% des personnes avec chaque résultat
Percentile par nombre de réponses
Votre historique - résultats
Vous n’avez pas pris ce quiz